Statistics for Ratchet & Clank Original Trilogy Planets

Click here to take the quiz!

General Stats

  • This quiz has been taken 68 times
  • The average score is 30 of 52

Answer Stats

GamePlanet% Correct
Ratchet & Clank (2002)Veldin
97%
Ratchet & Clank: Up Your Arsenal (2004)Veldin
97%
Ratchet & Clank (2002)Kerwan
88%
Ratchet & Clank: Up Your Arsenal (2004)Kerwan
88%
Ratchet & Clank (2002)Rilgar
82%
Ratchet & Clank: Up Your Arsenal (2004)Rilgar
82%
Ratchet & Clank (2002)Novalis
79%
Ratchet & Clank (2002)Batalia
76%
Ratchet & Clank (2002)Pokitaru
76%
Ratchet & Clank (2002)Aridia
73%
Ratchet & Clank: Up Your Arsenal (2004)Aridia
73%
Ratchet & Clank (2002)Oltanis
70%
Ratchet & Clank (2002)Orxon
70%
Ratchet & Clank (2002)Gaspar
67%
Ratchet & Clank: Up Your Arsenal (2004)Aquatos
64%
Ratchet & Clank: Going Commando (2003)Aranos
64%
Ratchet & Clank (2002)Eudora
64%
Ratchet & Clank: Going Commando (2003)Oozla
64%
Ratchet & Clank: Up Your Arsenal (2004)Daxx
61%
Ratchet & Clank (2002)Nebula G34
61%
Ratchet & Clank (2002)Quartu
61%
Ratchet & Clank (2002)Umbris
61%
Ratchet & Clank: Going Commando (2003)Endako
58%
Ratchet & Clank: Up Your Arsenal (2004)Florana
58%
Ratchet & Clank (2002)Kalebo III
58%
Ratchet & Clank: Going Commando (2003)Joba
55%
Ratchet & Clank: Going Commando (2003)Maktar Nebula
55%
Ratchet & Clank: Up Your Arsenal (2004)Marcadia
55%
Ratchet & Clank: Going Commando (2003)Snivelak
55%
Ratchet & Clank: Going Commando (2003)Yeedil
55%
Ratchet & Clank: Going Commando (2003)Barlow
52%
Ratchet & Clank: Up Your Arsenal (2004)Obani Draco
52%
Ratchet & Clank: Going Commando (2003)Dobbo
48%
Ratchet & Clank (2002)Hoven
48%
Ratchet & Clank: Going Commando (2003)Notak
48%
Ratchet & Clank: Going Commando (2003)Siberius
48%
Ratchet & Clank: Going Commando (2003)Tabora
48%
Ratchet & Clank: Going Commando (2003)Todano
48%
Ratchet & Clank: Up Your Arsenal (2004)Zeldrin
48%
Ratchet & Clank: Going Commando (2003)Damosel
45%
Ratchet & Clank: Going Commando (2003)Boldan
42%
Ratchet & Clank: Going Commando (2003)Gorn
42%
Ratchet & Clank: Up Your Arsenal (2004)Holostar Studios
42%
Ratchet & Clank: Up Your Arsenal (2004)Obani Gemini
42%
Ratchet & Clank: Going Commando (2003)Smolg
42%
Ratchet & Clank: Up Your Arsenal (2004)Station Q9
42%
Ratchet & Clank: Up Your Arsenal (2004)Thran Asteroid Belt
42%
Ratchet & Clank: Up Your Arsenal (2004)Tyhrranosis
42%
Ratchet & Clank: Up Your Arsenal (2004)Mylon
39%
Ratchet & Clank: Going Commando (2003)Greblin
33%
Ratchet & Clank: Up Your Arsenal (2004)Zeldrin Starport
30%
Ratchet & Clank: Up Your Arsenal (2004)Koron
24%

Score Distribution

Percentile by Number Answered

Percent of People with Each Score

Your Score History

You have not taken this quiz